Plánovanie štruktúry riadiacich systémov

Bibliographic Details
Main Author: Haluška, Ivan, 1941-2020 (Author)
Format: Article
Language:Slovak
Subjects:

MARC

LEADER 00000nab a2200000 a 4500
001 vtls000084843
003 SK-MaSNL
005 20260305024334.0
008 250422c1981 xo 0 slo
015 |a SNBRB19rr/mm-uuuuu 
035 |a CL0094945 
035 |a urn:nbn:sk:snk-ab6qrh 
035 |a (uuid)01dc031d-abe9-47c1-8036-87812564898d 
035 |a (urnnbn)urn:nbn:sk:snk:ar-a05961 
035 |a (sysno)vtls000084843 
040 |a SNKBUCL  |b slo  |c SNKBUCL  |e AACR2 
041 0 |a slo 
044 |a xo  |c SK 
080 |a 338.2  |2 1981 
100 1 |a Haluška, Ivan,  |d 1941-2020  |4 aut  |9 5557 
245 1 0 |a Plánovanie štruktúry riadiacich systémov  |c Ivan Haluška 
300 |b Obr. 3. Tb. 2. Res. rus., angl. 
650 0 7 |a národné hospodárstvo  |2 snkbucl  |9 846 
650 0 7 |a riadenie  |2 snkbucl  |9 924 
650 0 7 |a riadiace systémy  |2 snkbucl  |9 20165 
655 7 |a články z novín a časopisov  |2 snkbucl  |9 267496 
773 0 |t Ekonomický časopis  |g Roč. 29, č. 3 (1981), s. 191-202 
850 |a Slovenská národná knižnica 
852 |a Slovenská národná knižnica 
954 |a odborná, vedecká literatúra pôvodná (slovenská)  |2 lita 
958 |a article27 
958 |a RK 
958 |a OND 
958 |a EUIPO 
992 |a RBX 
999 |c 3301774  |d 3303704